00383nam a2200109 4500008004100000040005500041100001600096245003800112260007600150300001000226490003700236240730b |||||||| |||| 00| 0 eng d aNational Science LibrarycNational Science Library aHudson, J R aContagious bovine pleuropneumonia aRome: bFood and Agriculture Organization of the United Nations, c1971 a119p. aFAO Agricultural StudiesvNo. 86